[Event "EU-ch Seniors 50 22nd"]
[Site "Acqui Terme"]
[Date "2023.05.29"]
[Round "4"]
[White "Fink Nunn, Petra"]
[Black "Bub, Volker"]
[Result "1/2-1/2"]
[WhiteElo "1970"]
[BlackElo "2079"]
[PlyCount "192"]
[EventDate "2023.05.26"]
[EventType "swiss"]
[EventRounds "9"]
[EventCountry "ITA"]
[SourceTitle "CBM 214 Extra"]
[Source "ChessBase"]
[SourceDate "2023.07.31"]
[SourceVersion "1"]
[SourceVersionDate "2023.07.31"]
[SourceQuality "1"]

1. e4 d5 2. exd5 Nf6 3. d4 Nxd5 4. Nf3 g6 5. c4 Nb6 6. c5 Nd5 7. Bc4 Bg7 8. 0-0 0-0 9. Nc3 c6 10. Qb3 Nxc3 11. bxc3 b5 12. cxb6 axb6 13. a4 Ba6 14. Rb1 Nd7 15. Re1 Bxc4 16. Qxc4 e6 17. Bf4 Qc8 18. Ne5 Nxe5 19. Bxe5 Ra6 20. Bxg7 Kxg7 21. Rb4 Qa8 22. Reb1 Rc8 23. Rxb6 Rxa4 24. Qc5 Ra5 25. Qe7 Rf5 26. h3 h5 27. Qd7 c5 28. Rxe6 Qa2 29. Reb6 Rxf2 30. Qb7 cxd4 31. R6b2 Rxb2 32. Rxb2 Qa1+ 33. Kh2 dxc3 34. Rf2 Rf8 35. Qb3 Qe1 36. Rf3 Qe5+ 37. Kh1 c2 38. Qxc2 Ra8 39. Rf1 Ra1 40. Rxa1 Qxa1+ 41. Kh2 Qe5+ 42. Kg1 Qe3+ 43. Kh2 Qf4+ 44. Kg1 g5 45. Qc3+ f6 46. Qd3 g4 47. hxg4 hxg4 48. g3 Qc1+ 49. Kg2 Qb2+ 50. Kf1 Qa1+ 51. Kg2 Qa2+ 52. Kf1 Qe6 53. Kg2 Kh6 54. Qd2+ Kg6 55. Qd3+ f5 56. Qc3 Qe2+ 57. Kg1 Qd1+ 58. Kf2 Qh1 59. Qe3 Qc6 60. Kg1 Qe4 61. Qb6+ Kf7 62. Qb3+ Kf6 63. Qc3+ Ke6 64. Kf2 Kd5 65. Qa5+ Ke6 66. Qb6+ Ke5 67. Qb8+ Kd5 68. Qb5+ Ke6 69. Qb6+ Kf7 70. Qc7+ Kf6 71. Qd6+ Qe6 72. Qd4+ Kg6 73. Qc3 Qa2+ 74. Kg1 Qb1+ 75. Kg2 Qe4+ 76. Kg1 f4 77. gxf4 Qxf4 78. Qc6+ Kg5 79. Qd5+ Kh4 80. Qh1+ Kg5 81. Qd5+ Qf5 82. Qxf5+ Kxf5 83. Kg2 Kf4 84. Kf2 g3+ 85. Kg2 Kg4 86. Kg1 Kf5 87. Kf1 Kg5 88. Kg1 Kh4 89. Kg2 Kg4 90. Kg1 Kh5 91. Kh1 Kg5 92. Kg1 Kg4 93. Kg2 Kf4 94. Kg1 Kf3 95. Kf1 g2+ 96. Kg1 Kg3 1/2-1/2

[Event "EU-ch Seniors 50 22nd"]
[Site "Acqui Terme"]
[Date "2023.05.27"]
[Round "2"]
[White "Mrva, Martin"]
[Black "Bub, Volker"]
[Result "1-0"]
[WhiteElo "2353"]
[BlackElo "2079"]
[PlyCount "51"]
[EventDate "2023.05.26"]
[EventType "swiss"]
[EventRounds "9"]
[EventCountry "ITA"]
[SourceTitle "CBM 214 Extra"]
[Source "ChessBase"]
[SourceDate "2023.07.31"]
[SourceVersion "1"]
[SourceVersionDate "2023.07.31"]
[SourceQuality "1"]

1. e4 g6 2. d4 Bg7 3. Nc3 c6 4. Nf3 d5 5. h3 Nh6 6. e5 f6 7. Bf4 Nf7 8. Qd2 0-0 9. 0-0-0 b5 10. Re1 a5 11. h4 a4 12. Nd1 Na6 13. h5 g5 14. h6 Bxh6 15. Bg3 Nc7 16. Bd3 Kg7 17. Ne3 Rh8 18. Bf5 g4 19. Nh4 Bg5 20. f4 gxf3 21. gxf3 Nh6 22. Bxc8 Qxc8 23. f4 Bxh4 24. Bxh4 Nf5 25. exf6+ exf6 26. Nxf5+ 1-0

[Event "Rhein Main op-A 24th"]
[Site "Bad Homburg"]
[Date "2022.06.18"]
[Round "5"]
[White "Schmid, Roland1111"]
[Black "Bub, Volker"]
[Result "1-0"]
[WhiteElo "2265"]
[BlackElo "2073"]
[PlyCount "63"]
[EventDate "2022.06.15"]
[EventType "swiss"]
[EventRounds "7"]
[EventCountry "GER"]
[SourceTitle "EXT 2023"]
[Source "ChessBase"]
[SourceDate "2022.10.05"]
[SourceVersion "1"]
[SourceVersionDate "2022.10.05"]
[SourceQuality "1"]

1. c4 Nf6 2. Nc3 e6 3. e4 d5 4. e5 d4 5. exf6 dxc3 6. bxc3 Qxf6 7. Nf3 Bd6 8. d4 h6 9. Bd3 Nd7 10. 0-0 0-0 11. Qe2 Qd8 12. c5 Be7 13. Bc2 Nf6 14. Ne5 Bd7 15. Qd3 Bc6 16. Nxc6 bxc6 17. Bf4 Qd7 18. Rfe1 Rfd8 19. Re3 Kf8 20. Be5 Ke8 21. Rg3 Bf8 22. Qa6 Nd5 23. Ba4 Ne7 24. Bxg7 Bxg7 25. Rxg7 Kf8 26. Rh7 Rab8 27. Rxh6 Rb2 28. Qd3 Qd5 29. Rh8+ Ng8 30. Qg3 Rxa2 31. Rxg8+ Ke7 32. Qh4+ 1-0

[Event "Rhein Main op-A 24th"]
[Site "Bad Homburg"]
[Date "2022.06.15"]
[Round "1"]
[White "Hipler, Andreas"]
[Black "Bub, Volker"]
[Result "0-1"]
[WhiteElo "1802"]
[BlackElo "2073"]
[PlyCount "116"]
[EventDate "2022.06.15"]
[EventType "swiss"]
[EventRounds "7"]
[EventCountry "GER"]
[SourceTitle "EXT 2023"]
[Source "ChessBase"]
[SourceDate "2022.10.05"]
[SourceVersion "1"]
[SourceVersionDate "2022.10.05"]
[SourceQuality "1"]

1. d4 Nf6 2. Nf3 e6 3. g3 b6 4. Bg2 Bb7 5. 0-0 d5 6. c4 c6 7. Qc2 Be7 8. Nbd2 0-0 9. e4 Na6 10. e5 Nd7 11. Re1 c5 12. cxd5 Nb4 13. Qb1 Bxd5 14. dxc5 Nxc5 15. a3 Nbd3 16. Re3 Nxc1 17. Qxc1 Rc8 18. Rc3 Qd7 19. Qf1 Na4 20. Rxc8 Rxc8 21. b3 Nc5 22. b4 Nb3 23. Nxb3 Bxb3 24. Rc1 Rd8 25. Qe2 a5 26. Qb2 Bd5 27. h4 h6 28. Qc3 axb4 29. axb4 Qb5 30. Rb1 Be4 31. Rb2 Rd1+ 32. Kh2 Qd5 33. Ne1 Rxe1 34. Qxe1 Bxg2 35. f4 Bf3 36. b5 Bc5 37. Rd2 Bb4 38. Rxd5 Bxe1 39. Rd8+ Kh7 40. Rd3 Bd5 41. Rd1 Bf2 42. Rb1 h5 43. Kh3 Be3 44. Re1 Bd2 45. Rd1 Bc3 46. Rc1 Bd4 47. Rd1 Bc5 48. Rb1 Kg6 49. g4 Bf3 50. gxh5+ Bxh5 51. Kg3 Kf5 52. Rc1 Be3 53. Rc4 Be2 54. Rb4 g6 55. Ra4 Bxb5 56. Ra7 Bxf4+ 57. Kf3 Bc6+ 58. Kf2 Bxe5 0-1

[Event "Ceske Budejovice op-A"]
[Site "Ceske Budejovice"]
[Date "2020.07.06"]
[Round "6"]
[White "Bub, Volker"]
[Black "Prazak, Daniel"]
[Result "1-0"]
[WhiteElo "2122"]
[BlackElo "1778"]
[PlyCount "95"]
[EventDate "2020.07.01"]
[EventType "swiss"]
[EventRounds "9"]
[EventCountry "CZE"]
[SourceTitle "CBM 197 Extra"]
[Source "ChessBase"]
[SourceDate "2020.09.30"]
[SourceVersion "1"]
[SourceVersionDate "2020.09.30"]
[SourceQuality "1"]

1. c4 e6 2. Nf3 d5 3. g3 Nf6 4. Bg2 Be7 5. 0-0 0-0 6. b3 c6 7. Bb2 Nbd7 8. d3 Re8 9. Nbd2 Bf8 10. Qc2 Qc7 11. Rac1 a5 12. a3 Qb8 13. d4 Bd6 14. e4 dxe4 15. Ng5 Bf8 16. Ngxe4 Nxe4 17. Nxe4 g6 18. d5 cxd5 19. cxd5 e5 20. g4 Bg7 21. Qc7 Ra6 22. g5 Qxc7 23. Rxc7 f5 24. Rfc1 fxe4 25. Rxc8 Rxc8 26. Rxc8+ Kf7 27. Rc7 Ke7 28. Rxb7 Rb6 29. Rxb6 Nxb6 30. Bxe4 a4 31. bxa4 Nxa4 32. Ba1 Nc5 33. f3 Kd6 34. Bc3 Bf8 35. Bb4 Be7 36. h4 Bd8 37. Kf1 Bb6 38. a4 Kd7 39. a5 Ba7 40. Bc2 Kd6 41. Bb3 Kd7 42. Bc4 Nb7 43. Bb5+ Kc7 44. Be8 Nd6 45. Bxd6+ Kxd6 46. Bf7 Be3 47. Ke2 Bf4 48. a6 1-0

[Event "Ceske Budejovice op-A"]
[Site "Ceske Budejovice"]
[Date "2020.07.04"]
[Round "4"]
[White "Bub, Volker"]
[Black "Janous, Marek"]
[Result "1/2-1/2"]
[WhiteElo "2122"]
[BlackElo "1903"]
[PlyCount "87"]
[EventDate "2020.07.01"]
[EventType "swiss"]
[EventRounds "9"]
[EventCountry "CZE"]
[SourceTitle "CBM 197 Extra"]
[Source "ChessBase"]
[SourceDate "2020.09.30"]
[SourceVersion "1"]
[SourceVersionDate "2020.09.30"]
[SourceQuality "1"]

1. e4 c5 2. d3 e6 3. f4 d5 4. Be2 Nc6 5. Nf3 b6 6. c3 dxe4 7. dxe4 Qxd1+ 8. Bxd1 Ba6 9. Ba4 b5 10. Bc2 Nf6 11. Be3 Ng4 12. Bg1 Be7 13. h3 Nf6 14. g4 Bb7 15. Nbd2 Nd7 16. a4 a6 17. axb5 axb5 18. Rxa8+ Bxa8 19. Be3 0-0 20. Ke2 Bb7 21. Ra1 Ra8 22. Rxa8+ Bxa8 23. b3 Bb7 24. Bd3 b4 25. c4 Na5 26. Bc2 Kf8 27. h4 Nc6 28. e5 Na5 29. Ng5 h6 30. Nge4 Bc6 31. h5 Nb7 32. Nf2 Na5 33. Be4 Kg8 34. Bxc6 Nxc6 35. Nfe4 Kf8 36. Nf3 Na5 37. Ned2 Nc6 38. Kd3 Na5 39. Ke4 f6 40. Bf2 Kf7 41. Bg3 Nc6 42. Nf1 Na5 43. N1d2 Nc6 44. Nf1 1/2-1/2

[Event "Hofheim Spring op 7th"]
[Site "Hofheim"]
[Date "2019.04.26"]
[Round "7"]
[White "Bub, Volker"]
[Black "Keller, Peter1111"]
[Result "0-1"]
[WhiteElo "2013"]
[BlackElo "2178"]
[PlyCount "66"]
[EventDate "2019.04.23"]
[EventType "swiss"]
[EventRounds "9"]
[EventCountry "GER"]
[SourceTitle "CBM 190 Extra"]
[Source "ChessBase"]
[SourceDate "2019.07.15"]
[SourceVersion "1"]
[SourceVersionDate "2019.07.15"]
[SourceQuality "1"]

1. e4 e5 2. Bc4 Nf6 3. d3 Nc6 4. Nf3 Be7 5. c3 0-0 6. 0-0 d5 7. exd5 Nxd5 8. Re1 Bg4 9. h3 Bh5 10. Nbd2 Nb6 11. Bb5 Bd6 12. a4 a6 13. Bxc6 bxc6 14. Ne4 Re8 15. Ng3 Bg6 16. Bg5 f6 17. Be3 Rb8 18. Nh4 Bf7 19. Nhf5 Kh8 20. Qg4 g6 21. Nh6 Be6 22. Qh4 Be7 23. Ne4 Rf8 24. Nc5 Bc8 25. Qg3 Nd5 26. f4 exf4 27. Bxf4 Bxc5+ 28. d4 Be7 29. Bc1 f5 30. Qe5+ Bf6 31. Bg5 Bxe5 32. Bxd8 Bf4 33. c4 Bxh6 0-1

[Event "Hofheim Spring op 7th"]
[Site "Hofheim"]
[Date "2019.04.25"]
[Round "4"]
[White "Bub, Volker"]
[Black "Chandler, Patrick"]
[Result "1/2-1/2"]
[WhiteElo "2013"]
[BlackElo "2150"]
[PlyCount "173"]
[EventDate "2019.04.23"]
[EventType "swiss"]
[EventRounds "9"]
[EventCountry "GER"]
[SourceTitle "CBM 190 Extra"]
[Source "ChessBase"]
[SourceDate "2019.07.15"]
[SourceVersion "1"]
[SourceVersionDate "2019.07.15"]
[SourceQuality "1"]

1. e4 Nc6 2. Nf3 d6 3. d4 Bg4 4. c3 Nf6 5. Bd3 e6 6. Nbd2 Bh5 7. b4 Be7 8. a4 Bg6 9. Qe2 d5 10. e5 Nd7 11. a5 Bxd3 12. Qxd3 a6 13. Nb3 Na7 14. h4 h6 15. h5 Nb5 16. Rh3 b6 17. Be3 Nb8 18. Rg3 Bf8 19. Rg4 Qd7 20. Bd2 Nc6 21. Kf1 Ne7 22. Nh4 Qc6 23. Kg1 Qc4 24. Nc1 Qxd3 25. Nxd3 Nc6 26. f4 Be7 27. g3 Rg8 28. Ng2 Kd7 29. Ne3 g6 30. Kf2 bxa5 31. bxa5 Raf8 32. Rh1 g5 33. fxg5 hxg5 34. h6 Rg6 35. h7 Rh8 36. Ne1 Rg7 37. Nf3 Rgxh7 38. Rxh7 Rxh7 39. c4 dxc4 40. Nxc4 Bb4 41. Bxg5 Nxa5 42. Nxa5 Bxa5 43. Bh4 Bb6 44. Rg8 Nxd4 45. Rd8+ Kc6 46. Nxd4+ Kb7 47. Ke2 c5 48. Rd7+ Kc8 49. Nxe6 Rxh4 50. Rxf7 Re4+ 51. Kd3 Rxe5 52. Ng7 Rd5+ 53. Kc4 Rd4+ 54. Kc3 Ba5+ 55. Kc2 Bb4 56. Nf5 Rc4+ 57. Kb3 Rc3+ 58. Kb2 Rd3 59. g4 c4 60. Ne7+ Kd7 61. Nd5+ Ke6 62. Nxb4 Rb3+ 63. Kc2 Kxf7 64. Nxa6 Kf6 65. Nc5 Rh3 66. Nd7+ Ke6 67. Nb6 c3 68. Na4 Kd5 69. Nxc3+ Kc4 70. Ne4 Rh2+ 71. Nd2+ Kd4 72. Kd1 Kd3 73. Nf1 Rg2 74. Ke1 Rxg4 75. Kf2 Rg8 76. Ke1 Rg2 77. Kd1 Re2 78. Ng3 Re8 79. Nf1 Ra8 80. Ke1 Ra2 81. Ng3 Rh2 82. Nf1 Re2+ 83. Kd1 Re8 84. Ng3 Ra8 85. Ke1 Ra2 86. Nf1 Rb2 87. Ng3 1/2-1/2

[Event "Hofheim Spring op 7th"]
[Site "Hofheim"]
[Date "2019.04.24"]
[Round "3"]
[White "Turov, Maxim"]
[Black "Bub, Volker"]
[Result "1-0"]
[WhiteElo "2584"]
[BlackElo "2013"]
[PlyCount "49"]
[EventDate "2019.04.23"]
[EventType "swiss"]
[EventRounds "9"]
[EventCountry "GER"]
[SourceTitle "CBM 190 Extra"]
[Source "ChessBase"]
[SourceDate "2019.07.15"]
[SourceVersion "1"]
[SourceVersionDate "2019.07.15"]
[SourceQuality "1"]

1. d4 Nf6 2. Nf3 g6 3. g3 Bg7 4. Bg2 0-0 5. 0-0 d6 6. b3 a5 7. c4 c6 8. Nc3 Nbd7 9. Qc2 Re8 10. Rd1 Qc7 11. e3 Nf8 12. h3 h6 13. Bb2 Rb8 14. Rac1 b5 15. Nd2 Ba6 16. Bf1 Rec8 17. cxb5 cxb5 18. Qd3 Qd7 19. a4 Ne6 20. axb5 Rxc3 21. Qxc3 Bxb5 22. Bg2 Ng5 23. Kh2 Qf5 24. f4 Ne6 25. e4 1-0

[Event "Gibraltar Challengers op-B"]
[Site "Caleta"]
[Date "2019.01.28"]
[Round "3"]
[White "Villar Reymundo, Juan Antonio"]
[Black "Bub, Volker"]
[Result "0-1"]
[WhiteElo "2237"]
[BlackElo "2108"]
[PlyCount "104"]
[EventDate "2019.01.26"]
[EventType "swiss"]
[EventRounds "5"]
[EventCountry "GGB"]
[SourceTitle "CBM 188 Extra"]
[Source "ChessBase"]
[SourceDate "2019.02.26"]
[SourceVersion "1"]
[SourceVersionDate "2019.02.26"]
[SourceQuality "1"]

1. d4 Nf6 2. Nf3 g6 3. g3 Bg7 4. Bg2 0-0 5. 0-0 d6 6. b3 Nbd7 7. Bb2 e5 8. dxe5 Ng4 9. c4 Rb8 10. Nc3 Ngxe5 11. Qd2 a6 12. Nd4 Nc5 13. h3 Ne6 14. e3 Bd7 15. Rac1 f5 16. Nd5 Nc5 17. Ba3 Ne4 18. Qc2 c5 19. Ne2 b5 20. f3 Nf6 21. f4 Nf7 22. Rcd1 Re8 23. Bc1 bxc4 24. bxc4 Qa5 25. Nec3 Be6 26. Rd3 Ne4 27. Nxe4 fxe4 28. Ra3 Qd8 29. Bxe4 Bxh3 30. Rf2 Qc8 31. Bf3 Nh6 32. Rb3 Rxb3 33. axb3 Bf5 34. e4 Be6 35. Bb2 Bxd5 36. cxd5 Qh3 37. Rg2 Ng4 38. Bxg7 Kxg7 39. Qd3 a5 40. Qc3+ Kg8 41. Qd2 Rb8 42. Qe2 h5 43. Qc4 Rb4 44. Qc3 a4 45. Bxg4 Qxg4 46. bxa4 Rb1+ 47. Kh2 Qd1 48. g4 Qh1+ 49. Kg3 h4+ 50. Kf3 Rf1+ 51. Ke3 Qxg2 52. Qf6 Rf3# 0-1

[Event "Basel op"]
[Site "Basel"]
[Date "2019.01.05"]
[Round "5"]
[White "Bub, Volker"]
[Black "Curien, Nicolas"]
[Result "0-1"]
[WhiteElo "2108"]
[BlackElo "2214"]
[PlyCount "62"]
[EventDate "2019.01.02"]
[EventType "swiss"]
[EventRounds "7"]
[EventCountry "SUI"]
[SourceTitle "CBM 188 Extra"]
[Source "ChessBase"]
[SourceDate "2019.02.26"]
[SourceVersion "1"]
[SourceVersionDate "2019.02.26"]
[SourceQuality "1"]

1. e4 e6 2. d3 d5 3. Nd2 Nf6 4. Ngf3 b6 5. c3 c5 6. Qa4+ Bd7 7. Qc2 Nc6 8. Be2 Rc8 9. 0-0 d4 10. Nc4 Qc7 11. a4 e5 12. Nh4 Be6 13. f4 Bxc4 14. dxc4 Rd8 15. fxe5 Nxe5 16. Bf4 Bd6 17. cxd4 cxd4 18. Bxe5 Bxe5 19. g3 Bxg3 20. hxg3 Qxg3+ 21. Ng2 d3 22. Qb3 0-0 23. Bf3 Rfe8 24. Rae1 d2 25. Re3 Ng4 26. Bxg4 Qxg4 27. Rd1 Rxe4 28. Rxe4 Qxe4 29. Qc3 Qe2 30. Qc2 Rd6 31. Nf4 Qe3+ 0-1

[Event "Basel op"]
[Site "Basel"]
[Date "2019.01.02"]
[Round "1"]
[White "Bub, Volker"]
[Black "Perske, Thore"]
[Result "0-1"]
[WhiteElo "2108"]
[BlackElo "2441"]
[PlyCount "70"]
[EventDate "2019.01.02"]
[EventType "swiss"]
[EventRounds "7"]
[EventCountry "SUI"]
[SourceTitle "CBM 188 Extra"]
[Source "ChessBase"]
[SourceDate "2019.02.26"]
[SourceVersion "1"]
[SourceVersionDate "2019.02.26"]
[SourceQuality "1"]

1. e4 e6 2. d3 d5 3. Nd2 c5 4. Ngf3 Nc6 5. g3 g6 6. Bg2 Bg7 7. 0-0 Nge7 8. Re1 0-0 9. e5 Qc7 10. Qe2 g5 11. Nxg5 Qxe5 12. Nde4 dxe4 13. Qh5 h6 14. Bf4 Qxb2 15. Nxe4 f5 16. Rab1 Qd4 17. c3 Qd8 18. Nxc5 Qe8 19. Qxe8 Rxe8 20. d4 e5 21. dxe5 b6 22. Nb3 Be6 23. Nd4 Nxd4 24. cxd4 Bd5 25. a4 Bxg2 26. Kxg2 Nd5 27. Bd2 a6 28. Rbc1 Rac8 29. f4 Bf8 30. Kf3 Kf7 31. h3 Ba3 32. Rb1 Rc4 33. Rb3 Rxd4 34. Rxa3 Rxd2 35. g4 Rd4 0-1

[Event "Rhein Main op-A 20th"]
[Site "Bad Homburg"]
[Date "2017.06.17"]
[Round "5"]
[White "Nagel, Bernhard"]
[Black "Bub, Volker"]
[Result "1/2-1/2"]
[WhiteElo "2217"]
[BlackElo "2097"]
[PlyCount "124"]
[EventDate "2017.06.14"]
[EventType "swiss"]
[EventRounds "7"]
[EventCountry "GER"]
[SourceTitle "EXT 2018"]
[Source "ChessBase"]
[SourceDate "2017.10.13"]
[SourceVersion "1"]
[SourceVersionDate "2017.10.13"]
[SourceQuality "1"]

1. c4 f5 2. b3 d6 3. Bb2 e5 4. e3 Nf6 5. Ne2 Nbd7 6. d4 Qe7 7. Nbc3 c6 8. Ba3 Qd8 9. dxe5 dxe5 10. Bxf8 Nxf8 11. Qxd8+ Kxd8 12. h3 Be6 13. f4 N8d7 14. Kf2 Kc7 15. Ng3 e4 16. Be2 g6 17. Rac1 Rhd8 18. Rhd1 a6 19. Nf1 c5 20. Nh2 Nb6 21. g4 Rxd1 22. Rxd1 Rd8 23. g5 Rxd1 24. Bxd1 Ne8 25. h4 Nd7 26. Ke1 Kc6 27. a4 Kb6 28. Kd2 Ka5 29. Kc2 Nd6 30. Nf1 Kb4 31. Kb2 b5 32. axb5 axb5 33. cxb5 Nxb5 34. Nxb5 Kxb5 35. Kc3 Nb6 36. Be2+ Ka5 37. Bc4 Nd5+ 38. Bxd5 Bxd5 39. Ng3 Be6 40. h5 Kb5 41. h6 Bf7 42. Nf1 Be6 43. Nd2 Bf7 44. Nb1 Be6 45. Na3+ Ka5 46. Nc4+ Bxc4 47. Kxc4 Kb6 48. Kd5 Kb5 49. Ke6 Kb4 50. Kf7 Kxb3 51. Kg7 c4 52. Kxh7 c3 53. Kxg6 c2 54. h7 c1Q 55. h8Q Qxe3 56. Kxf5 Qd3 57. Qe5 e3+ 58. Kf6 e2 59. g6 Qd8+ 60. Kf7 Qd7+ 61. Kf8 Qd8+ 62. Kf7 Qd7+ 1/2-1/2

[Event "Rhein Main op-A 20th"]
[Site "Bad Homburg"]
[Date "2017.06.15"]
[Round "2"]
[White "Bub, Volker"]
[Black "Henrich, Thomas"]
[Result "0-1"]
[WhiteElo "2097"]
[BlackElo "2311"]
[PlyCount "82"]
[EventDate "2017.06.14"]
[EventType "swiss"]
[EventRounds "7"]
[EventCountry "GER"]
[SourceTitle "EXT 2018"]
[Source "ChessBase"]
[SourceDate "2017.10.13"]
[SourceVersion "1"]
[SourceVersionDate "2017.10.13"]
[SourceQuality "1"]

1. e4 c5 2. d3 Nf6 3. g3 d5 4. Nd2 Nc6 5. Ngf3 Bg4 6. h3 Bh5 7. Bg2 e6 8. 0-0 Be7 9. Re1 dxe4 10. dxe4 Qc7 11. c3 Rd8 12. Qc2 Nd7 13. Nf1 0-0 14. Bf4 e5 15. Bd2 Bg6 16. Ne3 Nf6 17. Nf5 Rfe8 18. Nxe7+ Rxe7 19. Nh4 Red7 20. Be3 Na5 21. Nxg6 hxg6 22. Bf1 Qc6 23. f3 Nh5 24. Kg2 Qe6 25. b3 f5 26. Bg5 Rc8 27. Rad1 Rxd1 28. Rxd1 Nf6 29. exf5 gxf5 30. Bd3 e4 31. Qe2 c4 32. bxc4 Qc6 33. Bc2 Re8 34. f4 e3+ 35. Kh2 Ne4 36. Qh5 g6 37. Qh6 Nd2 38. g4 e2 39. Ba4 exd1Q 40. Bxc6 Nf1+ 41. Kg1 Ng3+ 0-1

[Event "Niederrhein-ch"]
[Site "Kamp Lintfort"]
[Date "2017.04.10"]
[Round "3"]
[White "Terhuven, Patrick"]
[Black "Bub, Volker"]
[Result "1/2-1/2"]
[WhiteElo "2171"]
[BlackElo "2097"]
[PlyCount "80"]
[EventDate "2017.04.08"]
[EventType "swiss"]
[EventRounds "7"]
[EventCountry "GER"]
[SourceTitle "EXT 2022"]
[Source "ChessBase"]
[SourceDate "2021.10.06"]
[SourceVersion "1"]
[SourceVersionDate "2021.10.06"]
[SourceQuality "1"]

1. d4 Nf6 2. Nf3 g6 3. c4 Bg7 4. Nc3 0-0 5. e4 d6 6. Be2 e5 7. 0-0 Nc6 8. d5 Ne7 9. Nd2 a5 10. a3 Nd7 11. Rb1 f5 12. b4 Kh8 13. Nb3 axb4 14. axb4 Nf6 15. f3 c6 16. Be3 cxd5 17. exd5 f4 18. Bf2 Nf5 19. Nd2 Nd4 20. Nde4 Nxe4 21. Nxe4 Bf5 22. Bd3 Bxe4 23. Bxe4 b6 24. Qd3 Ra2 25. Bxd4 exd4 26. Rfc1 Qh4 27. Rc2 Rfa8 28. Rbc1 R2a3 29. Qe2 d3 30. Bxd3 Bd4+ 31. Kh1 Be3 32. Rd1 Ra1 33. Rb2 Rxd1+ 34. Qxd1 Ra3 35. Be4 Rc3 36. Rc2 Qf6 37. Qa1 Bd4 38. Qa2 Rxc2 39. Qxc2 Be3 40. g3 Qa1+ 1/2-1/2

[Event "Solingen Karneval op"]
[Site "Solingen"]
[Date "2017.02.24"]
[Round "1"]
[White "Foth, Stefan"]
[Black "Bub, Volker"]
[Result "0-1"]
[WhiteElo "1735"]
[BlackElo "2095"]
[PlyCount "108"]
[EventDate "2017.02.24"]
[EventType "swiss"]
[EventRounds "5"]
[EventCountry "GER"]
[SourceTitle "EXT 2018"]
[Source "ChessBase"]
[SourceDate "2017.10.13"]
[SourceVersion "1"]
[SourceVersionDate "2017.10.13"]
[SourceQuality "1"]

1. d4 Nf6 2. Nf3 g6 3. b3 Bg7 4. Bb2 c5 5. d5 0-0 6. e3 d6 7. Be2 Na6 8. 0-0 Nc7 9. c4 b5 10. Nbd2 bxc4 11. bxc4 Rb8 12. Bc3 e5 13. Qc2 Qe7 14. Rab1 Bf5 15. e4 Bd7 16. Nb3 Ba4 17. Qd3 Bxb3 18. Rxb3 Rxb3 19. axb3 Rb8 20. Bd1 Na6 21. Bc2 Qb7 22. Ra1 Nd7 23. g4 Nb4 24. Bxb4 cxb4 25. h4 Nc5 26. Qe3 Ra8 27. h5 Qd7 28. Nh2 Bf6 29. g5 Bg7 30. h6 Bh8 31. Qf3 Qe7 32. Qg4 a5 33. Rb1 Rf8 34. Qg3 f6 35. gxf6 Bxf6 36. f3 Bh4 37. Qg2 Qf6 38. Rf1 Qf4 39. Ng4 Bg5 40. Qh2 Qxh2+ 41. Kxh2 a4 42. bxa4 b3 43. Bb1 Nxa4 44. Kg2 Nc3 45. c5 dxc5 46. Nxe5 Bxh6 47. Nc6 Bf4 48. Na5 Rb8 49. Nc4 Rb4 50. Nb2 c4 51. Bd3 cxd3 52. Nxd3 Rd4 53. Nxf4 b2 54. Ne2 Rd2 0-1

[Event "Korbach op 8th"]
[Site "Korbach"]
[Date "2016.10.23"]
[Round "6"]
[White "Bickmann, Uwe"]
[Black "Bub, Volker"]
[Result "1/2-1/2"]
[WhiteElo "1852"]
[BlackElo "2103"]
[PlyCount "181"]
[EventDate "2016.10.20"]
[EventType "swiss"]
[EventRounds "7"]
[EventCountry "GER"]
[SourceTitle "CBM 175 Extra"]
[Source "ChessBase"]
[SourceDate "2016.12.12"]
[SourceVersion "1"]
[SourceVersionDate "2016.12.12"]
[SourceQuality "1"]

1. c4 e5 2. g3 Nc6 3. Nc3 Nf6 4. Bg2 Bb4 5. Nd5 a5 6. e3 d6 7. Ne2 Nxd5 8. cxd5 Ne7 9. 0-0 a4 10. d4 Bd7 11. Bd2 Bxd2 12. Qxd2 Ng6 13. f4 exf4 14. Nxf4 0-0 15. Nxg6 hxg6 16. Rac1 Ra6 17. Qc2 c6 18. dxc6 bxc6 19. Qc4 Qa5 20. Qc3 Qb6 21. Rf2 Rc8 22. Bf1 Ra5 23. Bc4 d5 24. Bd3 c5 25. Qd2 c4 26. Bf1 Rb5 27. Bg2 Be6 28. Qc3 Rb8 29. Rcc2 Bf5 30. Rcd2 Re8 31. Rf4 Qe6 32. e4 Bxe4 33. Bxe4 dxe4 34. Re2 f5 35. g4 Qd5 36. gxf5 gxf5 37. Qe3 Rd8 38. Rd2 Rb6 39. Qg3 Qf7 40. Qh4 Rg6+ 41. Kf1 Re8 42. Qh3 Rg5 43. Rdf2 e3 44. Re2 Re4 45. Qf3 Qg6 46. Rxe3 Rg1+ 47. Ke2 Rg2+ 48. Kd1 Rxh2 49. Rexe4 fxe4 50. Qxe4 Qg1+ 51. Qe1 Qxe1+ 52. Kxe1 Rxb2 53. d5 c3 54. d6 Rd2 55. Rxa4 Rxd6 56. Rc4 Ra6 57. a4 Kf7 58. Rxc3 Rxa4 59. Kf2 Kf6 60. Rb3 Rg4 61. Kf3 Rg5 62. Kf2 Kf5 63. Rb4 Rg4 64. Rb5+ Kf4 65. Rb4+ Kg5 66. Rb3 Kf5 67. Ra3 Rb4 68. Kg2 Rb2+ 69. Kg1 g5 70. Ra8 g4 71. Ra3 Rb1+ 72. Kg2 Rb2+ 73. Kg1 Rd2 74. Rb3 Kg5 75. Ra3 Re2 76. Kf1 Rh2 77. Kg1 Rh6 78. Kf2 Re6 79. Kg2 Rd6 80. Rb3 Rd2+ 81. Kg1 Ra2 82. Rc3 g3 83. Rc8 Rf2 84. Rh8 Kg4 85. Rg8+ Kf3 86. Rf8+ Ke2 87. Rg8 Kf3 88. Rf8+ Ke2 89. Re8+ Kf3 90. Rf8+ Ke2 91. Re8+ 1/2-1/2

[Event "Korbach op 8th"]
[Site "Korbach"]
[Date "2016.10.22"]
[Round "5"]
[White "Bub, Volker"]
[Black "Spisla, Dominik"]
[Result "1/2-1/2"]
[WhiteElo "2103"]
[BlackElo "1925"]
[PlyCount "51"]
[EventDate "2016.10.20"]
[EventType "swiss"]
[EventRounds "7"]
[EventCountry "GER"]
[SourceTitle "CBM 175 Extra"]
[Source "ChessBase"]
[SourceDate "2016.12.12"]
[SourceVersion "1"]
[SourceVersionDate "2016.12.12"]
[SourceQuality "1"]

1. e4 c5 2. Nc3 d6 3. f4 Nc6 4. Bb5 Bd7 5. Nf3 g6 6. 0-0 Bg7 7. Bxc6 Bxc6 8. d3 Nf6 9. Qe1 0-0 10. Qh4 e6 11. f5 Nd7 12. Bg5 f6 13. fxg6 hxg6 14. Bh6 Qe7 15. Bxg7 Kxg7 16. Qg3 Ne5 17. Rae1 b5 18. Ne2 Nxf3+ 19. gxf3 e5 20. f4 Rh8 21. Rf2 Raf8 22. Ref1 Bd7 23. fxe5 fxe5 24. Rxf8 Rxf8 25. Rxf8 Qxf8 26. h4 1/2-1/2

[Event "Korbach op 8th"]
[Site "Korbach"]
[Date "2016.10.21"]
[Round "2"]
[White "Tiba, Vladyslav"]
[Black "Bub, Volker"]
[Result "1-0"]
[WhiteElo "2268"]
[BlackElo "2103"]
[PlyCount "55"]
[EventDate "2016.10.20"]
[EventType "swiss"]
[EventRounds "7"]
[EventCountry "GER"]
[SourceTitle "CBM 175 Extra"]
[Source "ChessBase"]
[SourceDate "2016.12.12"]
[SourceVersion "1"]
[SourceVersionDate "2016.12.12"]
[SourceQuality "1"]

1. e4 c5 2. Nf3 Nc6 3. d4 cxd4 4. Nxd4 g6 5. Nc3 Bg7 6. Be3 Nf6 7. Nxc6 bxc6 8. e5 Ng8 9. Bd4 Qa5 10. Bc4 Bxe5 11. 0-0 f6 12. Re1 Nh6 13. Bxe5 fxe5 14. Qf3 Qc5 15. Bb3 Rf8 16. Qg3 d6 17. Ne4 Qb6 18. Qh4 Ng4 19. c4 Bf5 20. c5 Qc7 21. h3 Bxe4 22. hxg4 Bd3 23. Rad1 e4 24. cxd6 Qxd6 25. Rxe4 0-0-0 26. Re3 g5 27. Qxg5 Qg6 28. Qa5 1-0